UM Logo

Business today / (Record no. 7841)

MARC details
000 -LEADER
fixed length control field 00733nam a2200217 4500
008 - FIXED-LENGTH DATA ELEMENTS--GENERAL INFORMATION
fixed length control field 171201b xxu||||| |||| 00| 0 eng d
020 ## - INTERNATIONAL STANDARD BOOK NUMBER
International Standard Book Number 0-07-557120-X
082 ## - DEWEY DECIMAL CLASSIFICATION NUMBER
Edition number 1990
Classification number DC 658
Item number R11
100 ## - MAIN ENTRY--PERSONAL NAME
9 (RLIN) 23805
Personal name Rachman, David J
245 ## - TITLE STATEMENT
Title Business today /
Statement of responsibility, etc. David J. Rachman ... [and three others]
250 ## - EDITION STATEMENT
Edition statement Sixth Edition
260 ## - PUBLICATION, DISTRIBUTION, ETC. (IMPRINT)
Place of publication, distribution, etc. New York :
Name of publisher, distributor, etc. McGraw-Hill,
Date of publication, distribution, etc. © 1990.
300 ## - PHYSICAL DESCRIPTION
Extent xxxiii, 669 pages :
Other physical details color illustrations ;
Dimensions 27 cm.
500 ## - GENERAL NOTE
General note Includes bibliographical references and indexes.
650 #0 - SUBJECT ADDED ENTRY--TOPICAL TERM
9 (RLIN) 23806
Topical term or geographic name as entry element Business
650 #0 - SUBJECT ADDED ENTRY--TOPICAL TERM
9 (RLIN) 23807
Topical term or geographic name as entry element Management -- United States
700 ## - ADDED ENTRY--PERSONAL NAME
9 (RLIN) 23808
Personal name Mescon, Michael H.
700 ## - ADDED ENTRY--PERSONAL NAME
9 (RLIN) 23809
Personal name Bovee, Courtland L.
700 ## - ADDED ENTRY--PERSONAL NAME
9 (RLIN) 23810
Personal name Thill, John V.
942 ## - ADDED ENTRY ELEMENTS (KOHA)
Source of classification or shelving scheme Dewey Decimal Classification
Koha item type Circulation
Holdings
Withdrawn status Lost status Source of classification or shelving scheme Damaged status Not for loan Collection code Home library Current library Date acquired Source of acquisition Total Checkouts Full call number Barcode Date last seen Copy number Price effective from Koha item type
    Dewey Decimal Classification     Circulation UM Digos College - LIC UM Digos College - LIC 04/22/1995 Purchased   DC 658 R11 1990 11819 05/15/2025 1 12/01/2017 Circulation